[Event "WC-2018-S-00005"]
[Site "LSS email"]
[Date "2018.08.23"]
[Round "?"]
[White "Domanov, Dmitry"]
[Black "Harney, Thomas"]
[Result "1-0"]
[WhiteElo "2463"]
[BlackElo "2385"]
[PlyCount "109"]
[EventDate "2018.09.01"]
[EventType "tourn (corr)"]
[EventRounds "12"]
[EventCountry "GER"]
[SourceTitle "Corr 2022"]
[Source "ChessBase"]
[SourceDate "2021.10.24"]
[SourceVersion "1"]
[SourceVersionDate "2021.10.24"]
[SourceQuality "1"]

1. e4 c5 2. Nf3 d6 3. d4 cxd4 4. Nxd4 Nf6 5. Nc3 a6 6. h3 e6 7. g4 Be7 8. g5 Nfd7 9. h4 b5 10. a3 Bb7 11. Be3 Nc6 12. Qd2 0-0 13. 0-0-0 Rb8 14. h5 Nc5 15. Nxc6 Bxc6 16. h6 g6 17. b4 Nd7 18. Rg1 Re8 19. f4 a5 20. Be2 Qc7 21. Kb2 Rec8 22. Rgf1 Rb7 23. Bg4 Bf8 24. f5 exf5 25. exf5 Ne5 26. fxg6 hxg6 27. Qd4 Ra8 28. Be2 f5 29. gxf6 Qf7 30. Bd3 axb4 31. axb4 Nc4+ 32. Kb1 Rba7 33. h7+ Kh8 34. Bxc4 bxc4 35. Kc1 Rb7 36. Kd2 Rxb4 37. Ra1 Rbb8 38. Rxa8 Rxa8 39. Rf4 Rc8 40. Rg4 Bf3 41. Rg3 Bh5 42. Ne4 Qb7 43. Ke1 Qb1+ 44. Kf2 Qxc2+ 45. Kg1 c3 46. Ng5 Qa2 47. Qe4 c2 48. Bc1 Qa1 49. Qf4 Qa5 50. Nf7+ Kxh7 51. Ng5+ Kh8 52. Re3 Qb5 53. f7 Bg7 54. Re7 Rf8 55. Qxd6 1-0

[Event "WC-2017-Q-00009"]
[Site "LSS email"]
[Date "2017.08.22"]
[Round "?"]
[White "Harney, Thomas"]
[Black "Salzmann, Stefan"]
[Result "1/2-1/2"]
[WhiteElo "2383"]
[BlackElo "2231"]
[PlyCount "50"]
[EventDate "2017.09.01"]
[EventType "tourn (corr)"]
[EventRounds "12"]
[EventCountry "GER"]
[SourceTitle "Corr 2022"]
[Source "ChessBase"]
[SourceDate "2021.10.24"]
[SourceVersion "1"]
[SourceVersionDate "2021.10.24"]
[SourceQuality "1"]

1. e4 c5 2. Nf3 d6 3. d4 cxd4 4. Nxd4 Nf6 5. Nc3 a6 6. Be3 e5 7. Nb3 Be6 8. f3 Be7 9. Qd2 0-0 10. 0-0-0 Nbd7 11. g4 b5 12. g5 b4 13. Ne2 Ne8 14. f4 a5 15. f5 a4 16. Nbd4 exd4 17. Nxd4 b3 18. Kb1 bxc2+ 19. Nxc2 Bb3 20. axb3 axb3 21. Na3 Ne5 22. h4 Ra4 23. Rh3 Qa8 24. Qd5 Rxa3 25. bxa3 Qxa3 1/2-1/2

[Event "WC-2017-Q-00009"]
[Site "LSS email"]
[Date "2017.08.22"]
[Round "?"]
[White "Meljnikova, Ekaterina"]
[Black "Harney, Thomas"]
[Result "1/2-1/2"]
[WhiteElo "2137"]
[BlackElo "2383"]
[PlyCount "45"]
[EventDate "2017.09.01"]
[EventType "tourn (corr)"]
[EventRounds "12"]
[EventCountry "GER"]
[SourceTitle "Corr 2022"]
[Source "ChessBase"]
[SourceDate "2021.10.24"]
[SourceVersion "1"]
[SourceVersionDate "2021.10.24"]
[SourceQuality "1"]

1. d4 Nf6 2. c4 g6 3. Nc3 d5 4. Bg5 Bg7 5. Nf3 Ne4 6. Bf4 Nxc3 7. bxc3 c5 8. cxd5 Qxd5 9. e3 cxd4 10. cxd4 Nc6 11. Rc1 0-0 12. Qd2 Bg4 13. Be2 Rac8 14. h3 Be6 15. Rb1 b6 16. Rc1 Qa5 17. Qxa5 Nxa5 18. 0-0 Bxa2 19. Ba6 Rc6 20. Bb5 Rcc8 21. Ba6 Rc6 22. Bb5 Rcc8 23. Ba6 1/2-1/2

[Event "WC-2017-S-00003"]
[Site "LSS email"]
[Date "2017.06.07"]
[Round "?"]
[White "Bergmann, Michael"]
[Black "Harney, Thomas"]
[Result "1/2-1/2"]
[WhiteElo "2475"]
[BlackElo "2390"]
[PlyCount "53"]
[EventDate "2017.06.15"]
[EventType "tourn (corr)"]
[EventRounds "12"]
[EventCountry "GER"]
[SourceTitle "Corr 2022"]
[Source "ChessBase"]
[SourceDate "2021.10.24"]
[SourceVersion "1"]
[SourceVersionDate "2021.10.24"]
[SourceQuality "1"]

1. e4 c5 2. Nf3 d6 3. Bb5+ Bd7 4. Bxd7+ Qxd7 5. c4 Nc6 6. Nc3 g6 7. d4 cxd4 8. Nxd4 Bg7 9. Be3 Nf6 10. f3 0-0 11. 0-0 Rfd8 12. Qd2 e6 13. Rad1 a6 14. Nxc6 Qxc6 15. Rc1 Ne8 16. Ne2 b5 17. Nd4 Qb7 18. b3 bxc4 19. bxc4 Bf8 20. Nb3 Be7 21. g3 Rac8 22. Kg2 Nf6 23. h4 h5 24. Bg5 Nh7 25. Bxe7 Qxe7 26. Rfd1 e5 27. Na5 1/2-1/2

[Event "WC-2017-S-00003"]
[Site "LSS email"]
[Date "2017.06.07"]
[Round "?"]
[White "Harney, Thomas"]
[Black "Bergmann, Michael"]
[Result "1/2-1/2"]
[WhiteElo "2390"]
[BlackElo "2475"]
[PlyCount "54"]
[EventDate "2017.06.15"]
[EventType "tourn (corr)"]
[EventRounds "12"]
[EventCountry "GER"]
[SourceTitle "Corr 2022"]
[Source "ChessBase"]
[SourceDate "2021.10.24"]
[SourceVersion "1"]
[SourceVersionDate "2021.10.24"]
[SourceQuality "1"]

1. e4 e5 2. Nf3 Nf6 3. Nxe5 d6 4. Nf3 Nxe4 5. d4 d5 6. Bd3 Bd6 7. 0-0 0-0 8. c4 c6 9. Nc3 Nxc3 10. bxc3 dxc4 11. Bxc4 Bg4 12. h3 Bh5 13. Re1 Nd7 14. g4 Bg6 15. Bg5 Qc7 16. Nh4 b5 17. Nxg6 hxg6 18. Bb3 a5 19. Qf3 Nb6 20. Kg2 Rac8 21. a4 bxa4 22. Bxa4 Nxa4 23. Rxa4 Rce8 24. Rea1 f5 25. Rxa5 fxg4 26. Qxg4 Qf7 27. Bh4 Bc7 1/2-1/2

[Event "WC-2017-S-00003"]
[Site "LSS email"]
[Date "2017.06.07"]
[Round "?"]
[White "Harney, Thomas"]
[Black "Sidenko, Anatoly"]
[Result "1/2-1/2"]
[WhiteElo "2390"]
[BlackElo "2407"]
[PlyCount "63"]
[EventDate "2017.06.15"]
[EventType "tourn (corr)"]
[EventRounds "12"]
[EventCountry "GER"]
[SourceTitle "Corr 2022"]
[Source "ChessBase"]
[SourceDate "2021.10.24"]
[SourceVersion "1"]
[SourceVersionDate "2021.10.24"]
[SourceQuality "1"]

1. e4 c5 2. Nf3 d6 3. d4 cxd4 4. Nxd4 Nf6 5. Nc3 a6 6. Be3 e5 7. Nb3 Be6 8. f3 h5 9. Nd5 Bxd5 10. exd5 Nbd7 11. Qd2 g6 12. Be2 Bg7 13. 0-0 Qc7 14. Rac1 0-0 15. c4 a5 16. Na1 e4 17. f4 Ng4 18. Bxg4 hxg4 19. f5 a4 20. Bd4 Bxd4+ 21. Qxd4 Rac8 22. Qe3 Ne5 23. b3 Nd3 24. Rcd1 Qc5 25. Nc2 Qxe3+ 26. Nxe3 Kg7 27. fxg6 fxg6 28. Nxg4 Rxf1+ 29. Kxf1 axb3 30. axb3 Ra8 31. h3 Ra2 32. b4 1/2-1/2

[Event "WC-2017-S-00003"]
[Site "LSS email"]
[Date "2017.06.07"]
[Round "?"]
[White "Sidenko, Anatoly"]
[Black "Harney, Thomas"]
[Result "1/2-1/2"]
[WhiteElo "2407"]
[BlackElo "2390"]
[PlyCount "75"]
[EventDate "2017.06.15"]
[EventType "tourn (corr)"]
[EventRounds "12"]
[EventCountry "GER"]
[SourceTitle "Corr 2022"]
[Source "ChessBase"]
[SourceDate "2021.10.24"]
[SourceVersion "1"]
[SourceVersionDate "2021.10.24"]
[SourceQuality "1"]

1. d4 Nf6 2. c4 e6 3. Nf3 b6 4. Bf4 Bb7 5. a3 Be7 6. e3 Nh5 7. Bg3 d6 8. Be2 Nd7 9. Nc3 Nxg3 10. hxg3 Bf6 11. g4 g6 12. Qc2 Bg7 13. 0-0-0 0-0 14. d5 exd5 15. cxd5 a6 16. g5 Qe7 17. Kb1 Rac8 18. Rh4 Rfe8 19. a4 Ne5 20. Re4 Qd8 21. Nxe5 Bxe5 22. Bg4 Ra8 23. Bh3 b5 24. a5 c5 25. dxc6 Bxc6 26. Nd5 Bxd5 27. Rxd5 Qxa5 28. Qd2 Qxd2 29. Rxd2 Rad8 30. f4 Bg7 31. Rxe8+ Rxe8 32. Rd3 Bf8 33. g3 Kg7 34. Bg2 Re7 35. Kc2 a5 36. Kd2 Rc7 37. Rd5 Rc5 38. Rxc5 1/2-1/2

[Event "WC-2017-P-00002"]
[Site "LSS email"]
[Date "2017.01.23"]
[Round "?"]
[White "Garcia, Manuel Valentim Per"]
[Black "Harney, Thomas"]
[Result "1/2-1/2"]
[WhiteElo "2023"]
[BlackElo "2381"]
[PlyCount "150"]
[EventDate "2017.02.01"]
[EventType "tourn (corr)"]
[EventRounds "12"]
[EventCountry "GER"]
[SourceTitle "Corr 2022"]
[Source "ChessBase"]
[SourceDate "2021.10.24"]
[SourceVersion "1"]
[SourceVersionDate "2021.10.24"]
[SourceQuality "1"]

1. d4 Nf6 2. c4 e6 3. Nf3 b6 4. a3 Bb7 5. Nc3 d5 6. cxd5 Nxd5 7. Qc2 Nxc3 8. bxc3 Be7 9. e4 0-0 10. Bf4 c5 11. Bd3 cxd4 12. cxd4 Nc6 13. Be3 Rc8 14. Qe2 Qc7 15. 0-0 Rfd8 16. h3 h6 17. Rfc1 Qb8 18. Qb2 Bf8 19. Rc3 Na5 20. Rac1 Qa8 21. Nd2 Rxc3 22. Rxc3 Rc8 23. Qc1 Rxc3 24. Qxc3 Qe8 25. Nb3 Nxb3 26. Qxb3 Bc6 27. Bd2 Qd8 28. Qb2 Qa8 29. f3 Be7 30. g3 Qd8 31. Kg2 a5 32. h4 h5 33. Bc1 Be8 34. Be2 Qc7 35. Bf4 Qb7 36. Bd2 Qc7 37. Bf4 Qc6 38. Bd2 Qd6 39. Bc1 Qc6 40. Bd2 Qd6 41. Bf4 Qxa3 42. Qxa3 Bxa3 43. Bc7 a4 44. Bxb6 e5 45. f4 exd4 46. Bxd4 g6 47. Kf2 Bd7 48. Bd3 Be6 49. f5 Bb3 50. Bb5 gxf5 51. exf5 Bc2 52. Ke2 Bc1 53. Bd7 a3 54. Bc3 Bh6 55. Bd4 Bb1 56. Be5 Be4 57. Bd4 Bf8 58. f6 Kh7 59. g4 hxg4 60. Bxg4 Kg6 61. Kd1 Bd5 62. Kc2 Bd6 63. h5+ Kg5 64. Bd1 Bc4 65. Kc3 Be6 66. Be2 Bc7 67. Kb4 Bd6+ 68. Kc3 Bc7 69. Kb4 a2 70. Ka3 Bb6 71. Bc3 Ba5 72. Bd4 Bd5 73. Kb2 Be6 74. Ka1 Bc7 75. Bc3 Bd5 1/2-1/2

[Event "WC-2017-P-00002"]
[Site "LSS email"]
[Date "2017.01.23"]
[Round "?"]
[White "Herzog, Matthias"]
[Black "Harney, Thomas"]
[Result "1/2-1/2"]
[WhiteElo "1807"]
[BlackElo "2381"]
[PlyCount "119"]
[EventDate "2017.02.01"]
[EventType "tourn (corr)"]
[EventRounds "12"]
[EventCountry "GER"]
[SourceTitle "Corr 2022"]
[Source "ChessBase"]
[SourceDate "2021.10.24"]
[SourceVersion "1"]
[SourceVersionDate "2021.10.24"]
[SourceQuality "1"]

1. e4 e6 2. d4 d5 3. Nc3 Nf6 4. Bg5 c6 5. e5 h6 6. Bh4 g5 7. Bg3 Nfd7 8. Qh5 c5 9. dxc5 Rg8 10. 0-0-0 Nc6 11. Nxd5 exd5 12. e6 Nde5 13. Nf3 Qa5 14. Nxe5 Bxe6 15. Nxc6 bxc6 16. a3 Bxc5 17. Bd3 0-0-0 18. Qxh6 Kb7 19. Rhe1 Rde8 20. Bh7 Rh8 21. Qg7 Ka8 22. Bg6 Rhg8 23. Rxe6 fxe6 24. Qd7 Rc8 25. Qxe6 Qb5 26. Rd3 a5 27. f3 a4 28. Be5 Qb7 29. Kb1 Qe7 30. Bf5 Qb7 31. Rc3 Qb6 32. Bh7 Rge8 33. Qg4 Kb7 34. Qxa4 Qa7 35. Qxa7+ Bxa7 36. Rb3+ Bb6 37. Bf5 Rxe5 38. Bxc8+ Kc7 39. f4 Re1+ 40. Ka2 Be3 41. fxg5 Kxc8 42. g6 Bd4 43. Rg3 Bg7 44. h4 Re2 45. c3 d4 46. Kb3 Re4 47. h5 Rh4 48. Rh3 Rxh3 49. gxh3 d3 50. c4 Kb7 51. h6 Bxh6 52. Kc3 d2 53. Kc2 c5 54. b4 cxb4 55. axb4 Ka6 56. Kd1 Kb7 57. b5 Kb6 58. h4 Kc5 59. h5 Kb6 60. g7 1/2-1/2

[Event "WC-2017-P-00002"]
[Site "LSS email"]
[Date "2017.01.23"]
[Round "?"]
[White "Oliveira, Marcio B"]
[Black "Harney, Thomas"]
[Result "1/2-1/2"]
[WhiteElo "2292"]
[BlackElo "2381"]
[PlyCount "58"]
[EventDate "2017.02.01"]
[EventType "tourn (corr)"]
[EventRounds "12"]
[EventCountry "GER"]
[SourceTitle "Corr 2022"]
[Source "ChessBase"]
[SourceDate "2021.10.24"]
[SourceVersion "1"]
[SourceVersionDate "2021.10.24"]
[SourceQuality "1"]

1. e4 e6 2. d4 d5 3. Nc3 Nf6 4. e5 Nfd7 5. f4 c5 6. Nf3 Nc6 7. Be3 a6 8. Qd2 b5 9. a3 Qa5 10. Be2 b4 11. Nd1 Rb8 12. c3 cxd4 13. Nxd4 bxc3 14. Nxc3 Nxd4 15. Bxd4 Bc5 16. Bxc5 Qxc5 17. Na4 Qa7 18. b4 0-0 19. Rd1 a5 20. b5 Bb7 21. Qd4 Qxd4 22. Rxd4 Rfc8 23. Kd2 Kf8 24. Re1 Rc7 25. h4 Ke7 26. Bd3 g6 27. g3 h6 28. Re3 Rbc8 29. Re1 Ra8 1/2-1/2

[Event "WC-2016-Q-00015"]
[Site "LSS email"]
[Date "2016.08.29"]
[Round "?"]
[White "Harney, Thomas"]
[Black "Rheinstaedtler, Klaus"]
[Result "0-1"]
[WhiteElo "2348"]
[BlackElo "2161"]
[PlyCount "46"]
[EventDate "2016.09.03"]
[EventType "tourn (corr)"]
[EventRounds "12"]
[EventCountry "GER"]
[SourceTitle "Corr 2022"]
[Source "ChessBase"]
[SourceDate "2021.10.24"]
[SourceVersion "1"]
[SourceVersionDate "2021.10.24"]
[SourceQuality "1"]

1. e4 c5 2. Nf3 d6 3. Nc3 a6 4. d4 cxd4 5. Nxd4 Nf6 6. h3 e5 7. Nde2 h5 8. g3 b5 9. Nd5 Nbd7 10. Nec3 Bb7 11. Bg5 Rc8 12. Bg2 Be7 13. Nxe7 Qxe7 14. h4 b4 15. Nd5 Bxd5 16. exd5 e4 17. Qd2 0-0 18. 0-0-0 Rc4 19. b3 Rc3 20. Rhe1 Rfc8 21. Bxe4 Qd8 22. Bxf6 Nxf6 23. Qd4 Nxe4 0-1

[Event "WC-2016-Q-00015"]
[Site "LSS email"]
[Date "2016.08.29"]
[Round "?"]
[White "Konstantinov, Maxim"]
[Black "Harney, Thomas"]
[Result "1/2-1/2"]
[WhiteElo "2440"]
[BlackElo "2348"]
[PlyCount "37"]
[EventDate "2016.09.03"]
[EventType "tourn (corr)"]
[EventRounds "12"]
[EventCountry "GER"]
[SourceTitle "Corr 2022"]
[Source "ChessBase"]
[SourceDate "2021.10.24"]
[SourceVersion "1"]
[SourceVersionDate "2021.10.24"]
[SourceQuality "1"]

1. e4 c5 2. Nc3 Nc6 3. Nge2 g6 4. d4 cxd4 5. Nxd4 Bg7 6. Be3 Nf6 7. Bc4 0-0 8. Bb3 Re8 9. f3 e6 10. f4 d6 11. Ndb5 Bf8 12. Qf3 a6 13. Nd4 Na5 14. e5 Nxb3 15. Nxb3 Nd5 16. Ne4 f5 17. Nxd6 Bxd6 18. exd6 Nxe3 19. Qxe3 1/2-1/2

[Event "CP-2016-S-00002"]
[Site "LSS email"]
[Date "2016.03.06"]
[Round "?"]
[White "Agrafenin, Andrey"]
[Black "Harney, Thomas"]
[Result "0-1"]
[WhiteElo "2247"]
[BlackElo "2337"]
[PlyCount "96"]
[EventDate "2016.03.10"]
[EventType "tourn (corr)"]
[EventRounds "7"]
[EventCountry "GER"]
[SourceTitle "Corr 2022"]
[Source "ChessBase"]
[SourceDate "2021.10.24"]
[SourceVersion "1"]
[SourceVersionDate "2021.10.24"]
[SourceQuality "1"]

1. e4 e6 2. d4 d5 3. Nc3 Bb4 4. e5 Ne7 5. a3 Bxc3+ 6. bxc3 c5 7. Qg4 Kf8 8. Bd2 b6 9. Bd3 h6 10. Nf3 cxd4 11. cxd4 Ba6 12. Bxa6 Nxa6 13. 0-0 Rc8 14. Rfc1 Nb8 15. a4 Rc4 16. c3 Nbc6 17. Be1 Na5 18. Nd2 Rc8 19. Qd1 Nec6 20. f4 Kg8 21. Qf3 f5 22. exf6 Qxf6 23. Bf2 Kh7 24. Re1 Rhf8 25. Re3 Nd8 26. Qe2 Qg6 27. Qa6 Ra8 28. Bg3 Qc2 29. Qd3+ Qxd3 30. Rxd3 Rc8 31. Re3 Nab7 32. Rae1 Nd6 33. Rf3 Nf5 34. Bf2 h5 35. a5 bxa5 36. Nb3 Rb8 37. Nc5 Rb2 38. Rh3 g6 39. Rd3 Rc2 40. h3 h4 41. Kf1 Nf7 42. Re2 Rc1+ 43. Re1 Rxe1+ 44. Kxe1 N7d6 45. Rd2 Rb8 46. Ra2 Rb1+ 47. Ke2 Kg8 48. Rxa5 Rb2+ 0-1

[Event "WC-2015-Q-00015"]
[Site "LSS email"]
[Date "2015.09.08"]
[Round "?"]
[White "Harney, Thomas"]
[Black "Perez, Brigiliano"]
[Result "1/2-1/2"]
[WhiteElo "2303"]
[BlackElo "2511"]
[PlyCount "128"]
[EventDate "2015.09.15"]
[EventType "tourn (corr)"]
[EventRounds "12"]
[EventCountry "GER"]
[SourceTitle "Corr 2022"]
[Source "ChessBase"]
[SourceDate "2021.10.24"]
[SourceVersion "1"]
[SourceVersionDate "2021.10.24"]
[SourceQuality "1"]

1. e4 c5 2. Nf3 d6 3. d4 cxd4 4. Nxd4 Nf6 5. Nc3 g6 6. Be3 Bg7 7. f3 0-0 8. Qd2 Nc6 9. Bc4 Bd7 10. 0-0-0 Rc8 11. Bb3 Ne5 12. Kb1 Re8 13. h4 h5 14. g4 hxg4 15. h5 Nxh5 16. Bh6 e6 17. Rdg1 Qf6 18. fxg4 Bxh6 19. Qxh6 Qg7 20. Qe3 Nf6 21. g5 Nh5 22. Nde2 Bc6 23. a3 Kf8 24. Rd1 a5 25. a4 Nd7 26. Nf4 Nxf4 27. Qxf4 Qe5 28. Qf1 Re7 29. Bc4 Ke8 30. Nb5 d5 31. Be2 Kd8 32. exd5 Bxd5 33. Rh3 Rc5 34. Bd3 Bc6 35. Re1 Qxg5 36. Rh8+ Re8 37. Nd6 Rxh8 38. Nxf7+ Kc8 39. Nxg5 Rh1 40. Qf2 Rxe1+ 41. Qxe1 Rxg5 42. Qh4 Rd5 43. Qe7 Bxa4 44. Qxe6 Rg5 45. Qd6 Bc6 46. b3 Rd5 47. Qxg6 Kc7 48. Qg3+ Rd6 49. Kb2 Nc5 50. Bc4 b6 51. Qf4 Be8 52. Qe5 Bc6 53. Qf4 Be8 54. Be2 Ne6 55. Qe5 Bc6 56. Ka3 Nd4 57. Bd3 Ne6 58. Bc4 Nd8 59. Kb2 Nb7 60. Be2 Nc5 61. Bc4 Nd7 62. Qe7 Bd5 63. Bd3 Bc6 64. Qf7 Rf6 1/2-1/2

[Event "WC-2015-Q-00015"]
[Site "LSS email"]
[Date "2015.09.08"]
[Round "?"]
[White "Murzus, Marcus"]
[Black "Harney, Thomas"]
[Result "0-1"]
[WhiteElo "2074"]
[BlackElo "2303"]
[PlyCount "82"]
[EventDate "2015.09.15"]
[EventType "tourn (corr)"]
[EventRounds "12"]
[EventCountry "GER"]
[SourceTitle "Corr 2022"]
[Source "ChessBase"]
[SourceDate "2021.10.24"]
[SourceVersion "1"]
[SourceVersionDate "2021.10.24"]
[SourceQuality "1"]

1. e4 c5 2. Nf3 d6 3. d4 cxd4 4. Nxd4 Nf6 5. Nc3 a6 6. Be3 e5 7. Nb3 Be7 8. f3 0-0 9. Qd2 Be6 10. 0-0-0 Nbd7 11. g4 Qc7 12. Kb1 b5 13. g5 Nh5 14. Nd5 Bxd5 15. exd5 Nb6 16. Na5 Nxd5 17. Qxd5 Qxa5 18. Bd3 Qd8 19. Rhg1 g6 20. Qb7 d5 21. Be4 d4 22. c3 Bc5 23. Qxa8 Qxa8 24. Bxa8 dxe3 25. Rd5 Bb6 26. Bb7 Nf4 27. Rxe5 Nd3 28. Re7 Rd8 29. Bxa6 Bc5 30. Re4 e2 31. Rh1 Nf2 32. Rxe2 Nxh1 33. b4 Ba7 34. Bxb5 Nf2 35. h4 Nh3 36. a4 Kf8 37. Re1 Nf4 38. Kc2 Bf2 39. Re4 Nh5 40. a5 Ng3 41. Re5 Nf5 0-1

[Event "WC-2015-Q-00015"]
[Site "LSS email"]
[Date "2015.09.08"]
[Round "?"]
[White "Perez, Brigiliano"]
[Black "Harney, Thomas"]
[Result "1/2-1/2"]
[WhiteElo "2511"]
[BlackElo "2303"]
[PlyCount "66"]
[EventDate "2015.09.15"]
[EventType "tourn (corr)"]
[EventRounds "12"]
[EventCountry "GER"]
[SourceTitle "Corr 2022"]
[Source "ChessBase"]
[SourceDate "2021.10.24"]
[SourceVersion "1"]
[SourceVersionDate "2021.10.24"]
[SourceQuality "1"]

1. e4 c5 2. Nf3 d6 3. d4 cxd4 4. Nxd4 Nf6 5. Nc3 a6 6. Bg5 e6 7. f4 b5 8. e5 dxe5 9. fxe5 Qc7 10. exf6 Qe5+ 11. Be2 Qxg5 12. 0-0 Ra7 13. Qd3 Rd7 14. Ne4 Qe5 15. Nf3 Qxb2 16. Qe3 Bb7 17. Rab1 Qxa2 18. c4 Bxe4 19. fxg7 Bxg7 20. Qxe4 Rd6 21. Ng5 Rd4 22. Qe3 Qd2 23. Qxd2 Rxd2 24. Bh5 Bd4+ 25. Kh1 0-0 26. Bxf7+ Kh8 27. Nxe6 Rc8 28. Nxd4 Rxd4 29. cxb5 axb5 30. Rxb5 Rf4 31. Kg1 Rxf1+ 32. Kxf1 Rf8 33. Ke2 Rxf7 1/2-1/2

[Event "CP-2015-S-00004"]
[Site "LSS email"]
[Date "2015.03.02"]
[Round "?"]
[White "Harney, Thomas"]
[Black "Langer, Raimund"]
[Result "1/2-1/2"]
[WhiteElo "2293"]
[BlackElo "2497"]
[PlyCount "72"]
[EventDate "2015.03.08"]
[EventType "tourn (corr)"]
[EventRounds "7"]
[EventCountry "GER"]
[SourceTitle "Corr 2022"]
[Source "ChessBase"]
[SourceDate "2021.10.24"]
[SourceVersion "1"]
[SourceVersionDate "2021.10.24"]
[SourceQuality "1"]

1. e4 e5 2. Nf3 Nc6 3. Bb5 a6 4. Ba4 Nf6 5. 0-0 Be7 6. Re1 b5 7. Bb3 d6 8. c3 0-0 9. h3 Bb7 10. d4 Re8 11. Nbd2 Bf8 12. a3 h6 13. Bc2 Nb8 14. b3 Nbd7 15. Bb2 c6 16. Bd3 Nh5 17. g3 Nhf6 18. a4 Qc7 19. Qc2 Rad8 20. axb5 axb5 21. Ba3 g6 22. Rac1 Bg7 23. Bf1 d5 24. exd5 cxd5 25. dxe5 Nxe5 26. Nd4 Ra8 27. Bb4 Ne4 28. Bg2 Nc6 29. Nxc6 Qxc6 30. Nxe4 dxe4 31. c4 bxc4 32. Qxc4 Qxc4 33. bxc4 Bc6 34. Bc5 g5 35. g4 Rad8 36. Be3 Bd4 1/2-1/2

[Event "BI-2015-F-0000"]
[Site "LSS email"]
[Date "2015.02.12"]
[Round "?"]
[White "Harney, Thomas"]
[Black "Dard, Michel"]
[Result "1-0"]
[WhiteElo "2293"]
[BlackElo "2243"]
[PlyCount "63"]
[EventDate "2015.02.11"]
[EventType "tourn (corr)"]
[EventRounds "10"]
[EventCountry "GER"]
[SourceTitle "Corr 2022"]
[Source "ChessBase"]
[SourceDate "2021.10.24"]
[SourceVersion "1"]
[SourceVersionDate "2021.10.24"]
[SourceQuality "1"]

1. e4 c6 2. d4 d5 3. Nd2 dxe4 4. Nxe4 Bf5 5. Ng3 Bg6 6. Nf3 Nd7 7. Bd3 e6 8. 0-0 Ngf6 9. Bxg6 hxg6 10. c4 Qc7 11. Re1 Bd6 12. Bg5 0-0 13. c5 Bxg3 14. hxg3 Nd5 15. Qc1 b6 16. Bf4 Nxf4 17. gxf4 bxc5 18. dxc5 Rfb8 19. Rd1 Rb5 20. Qc3 Rab8 21. b3 Nf6 22. g3 Nd5 23. Qe5 Qxe5 24. Nxe5 Rc8 25. Rac1 Kf8 26. Rd4 a5 27. Ra4 Ke7 28. Kf1 Rc7 29. Nf3 Kd7 30. Ke2 Rc8 31. Kd2 Nf6 32. Rc2 1-0

[Event "BI-2015-F-0000"]
[Site "LSS email"]
[Date "2015.02.12"]
[Round "?"]
[White "Harney, Thomas"]
[Black "Kuhne, Detlev"]
[Result "1/2-1/2"]
[WhiteElo "2293"]
[BlackElo "2408"]
[PlyCount "71"]
[EventDate "2015.02.11"]
[EventType "tourn (corr)"]
[EventRounds "10"]
[EventCountry "GER"]
[SourceTitle "Corr 2022"]
[Source "ChessBase"]
[SourceDate "2021.10.24"]
[SourceVersion "1"]
[SourceVersionDate "2021.10.24"]
[SourceQuality "1"]

1. e4 e5 2. Nf3 Nc6 3. Bb5 Nf6 4. 0-0 Nxe4 5. d4 Nd6 6. Bxc6 dxc6 7. dxe5 Nf5 8. Qxd8+ Kxd8 9. Rd1+ Ke8 10. Nc3 Be7 11. g3 Be6 12. b3 Bb4 13. Ne2 Bd5 14. Ng5 h6 15. c4 hxg5 16. cxd5 cxd5 17. Rxd5 c6 18. Rd3 Be7 19. Bb2 Rd8 20. Rad1 Rh6 21. Kg2 Rxd3 22. Rxd3 c5 23. h3 Ra6 24. Nc1 b5 25. Kf3 g6 26. Rd2 Ng7 27. Ba1 Rc6 28. Ne2 Ne6 29. Rc2 Kd7 30. Rd2+ Ke8 31. Rc2 a6 32. Nd4 Nxd4+ 33. Bxd4 Kd7 34. Be3 c4 35. bxc4 bxc4 36. Ke4 1/2-1/2

[Event "BI-2015-F-0000"]
[Site "LSS email"]
[Date "2015.02.12"]
[Round "?"]
[White "Harney, Thomas"]
[Black "Salzmann, Stefan"]
[Result "1/2-1/2"]
[WhiteElo "2293"]
[BlackElo "2269"]
[PlyCount "61"]
[EventDate "2015.02.11"]
[EventType "tourn (corr)"]
[EventRounds "10"]
[EventCountry "GER"]
[SourceTitle "Corr 2022"]
[Source "ChessBase"]
[SourceDate "2021.10.24"]
[SourceVersion "1"]
[SourceVersionDate "2021.10.24"]
[SourceQuality "1"]

1. e4 c5 2. Nf3 d6 3. d4 cxd4 4. Nxd4 Nf6 5. Nc3 a6 6. Be3 e5 7. Nb3 Be6 8. Be2 Be7 9. Qd3 0-0 10. 0-0 Nbd7 11. Nd5 Bxd5 12. exd5 Ne8 13. Qd2 f5 14. g3 Nef6 15. f3 Qe8 16. c4 Nh5 17. Qc2 Qg6 18. Kh1 Bg5 19. f4 Bh6 20. Rae1 a5 21. a4 Rae8 22. Bxh5 Qxh5 23. Nxa5 exf4 24. gxf4 Nf6 25. Nxb7 Qh3 26. Qd2 Ne4 27. Qg2 Qxg2+ 28. Kxg2 Rb8 29. Na5 Rxb2+ 30. Kh1 Rb4 31. Nc6 1/2-1/2

[Event "BI-2015-F-0000"]
[Site "LSS email"]
[Date "2015.02.12"]
[Round "?"]
[White "Mashchenko, Vladimir"]
[Black "Harney, Thomas"]
[Result "1-0"]
[WhiteElo "2291"]
[BlackElo "2293"]
[PlyCount "117"]
[EventDate "2015.02.11"]
[EventType "tourn (corr)"]
[EventRounds "10"]
[EventCountry "GER"]
[SourceTitle "Corr 2022"]
[Source "ChessBase"]
[SourceDate "2021.10.24"]
[SourceVersion "1"]
[SourceVersionDate "2021.10.24"]
[SourceQuality "1"]

1. d4 Nf6 2. c4 e6 3. Nf3 b6 4. Nc3 Bb4 5. e3 Ne4 6. Qc2 Bb7 7. Bd3 f5 8. 0-0 Bxc3 9. bxc3 0-0 10. Nd2 Qg5 11. Nxe4 fxe4 12. Bxe4 Bxe4 13. Qxe4 Nc6 14. Ba3 Qf5 15. Qxf5 Rxf5 16. Bb4 Na5 17. Bxa5 Rxa5 18. a4 Kf7 19. Rfb1 c6 20. f3 h5 21. Kf2 h4 22. e4 d6 23. Ke3 Rf8 24. Ra2 Kf6 25. Rba1 g6 26. Kf4 g5+ 27. Kg4 Kg6 28. g3 Rh8 29. Re2 Kf6 30. Rf2 Rg8 31. Raa2 Rg7 32. Rfb2 Rf7 33. Ra1 Rh7 34. Rf2 Kf7 35. Re2 Kf6 36. Rea2 Rh8 37. Rd1 Rg8 38. Raa1 Rh8 39. Rd2 Rg8 40. Rf2 Kf7 41. Raa2 Kf6 42. Rf1 Kg6 43. Raa1 Rh8 44. Rf2 Kg7 45. Rb2 Kg6 46. Re2 hxg3 47. hxg3 Kf6 48. Rea2 Rh7 49. Rd2 Rg7 50. Rh2 Kf7 51. Raa2 Rg8 52. Rh7+ Rg7 53. Rh8 Rg8 54. Rah2 Rxa4 55. Rxg8 Kxg8 56. Kxg5 Kg7 57. f4 Rxc4 58. Rh6 c5 59. Rxe6 1-0